Sigle degli aeroporti italiani - Statistics

Statistiche generali
  • Questo quiz è stato fatto 290 volte
  • Il punteggio medio è 13 su 22
Statistiche sulle risposte
Hint Risposta % Corretto
LIN
82%
Milano MXP
81%
Roma FCO
80%
CIA
71%
Napoli NAP
71%
Bari BRI
69%
Cagliari CAG
67%
Olbia OLB
64%
Verona VRN
64%
Torino TRN
63%
Pisa PSA
61%
BGY
59%
Catania CTA
56%
Bologna BLQ
55%
Palermo PMO
52%
Venezia VCE
48%
Brindisi BDS
45%
Genova GOA
41%
Firenze FLR
39%
Alghero AHO
34%
Lamezia Terme SUF
33%
Pescara PSR
28%
Nessun quiz corrispondente trovato
Distribuzione punteggi
Percentuale di utenti per punteggio
Percentile per numero di risposta
I tuoi punteggi nel tempo
Non hai fatto questo quiz